| 000 | 00838nam a2200265 a 4500 | ||
|---|---|---|---|
| 008 | |||
| 020 | _a089443599X (hbk.) | ||
| 049 | _aMAIN | ||
| 090 |
_aREF RT41 _bNUR |
||
| 245 | 0 | 4 |
_aThe Nurse's almanac / _cedited by, Howard S. Rowland ; director of research, Beatrice L. Rowland. |
| 250 | _a2nd ed. | ||
| 260 |
_aRockville : _bAspen Systems Corp., _c1984. |
||
| 300 |
_axiv, 849 p. : _bill. ; _c24 cm. |
||
| 500 | _aIncludes index. | ||
| 504 | _aIncludes bibliographical references p. 782-794. | ||
| 650 | 2 |
_aMedicine _zUnited States _xnurses' instruction |
|
| 650 | 2 | _aNursing | |
| 700 | 1 | _aRowland, Beatrice L. | |
| 700 | 1 | _aRowland, Howard S. | |
| 907 |
_a.b10290722 _b14-06-11 _c03-02-11 |
||
| 003 | |||
| 005 | 20230120191431.0 | ||
| 040 | _cNUST | ||
| 942 |
_cBOOKS _kREF RT41 _mNUR |
||
| 999 |
_c101070 _d101070 |
||